| 000 | 00693nam a22001937a 4500 | ||
|---|---|---|---|
| 999 |
_c64004 _d64004 |
||
| 003 | Ge_BSU | ||
| 005 | 20260306172510.0 | ||
| 008 | 260306s2019 enk||||| |||| 00| 0 eng d | ||
| 020 | _a9780231193412x | ||
| 041 | _aeng | ||
| 080 | _a7(520) N-73 | ||
| 100 |
_aNobuo, Tsuji _927076 |
||
| 245 |
_aHistory of Art in Japan / _cNobuo Tsuji; Translated by Nicole Coolidge Rousmaniere. |
||
| 264 |
_aNew York : _bColumbia University Press, _c2019. |
||
| 300 |
_a635 p.: _bill.; _c23 cm. |
||
| 653 | _aხელოვნების ისტორია იაპონიაში | ||
| 700 |
_a Rousmaniere, Nicole Coolidge _eმთარგმნელი _927077 |
||
| 942 |
_2udc _cᲬᲘᲒᲜᲘ |
||